=LDR 00000nam 2200000 4500 =001 INLIS000000000008802 =005 20130612100628 =008 ***********************************Ind** =035 ##$$0010-061300000008802 =041 ##$$a Ind =082 ##$$a 370.170 4 =090 ##$$a 370.170 4, Pos m =100 ##$$a Postman, Neil =245 ##$$a Matinya Pendidikan, redepenisi Nilai - Nilai sekolah, Neil Postman =260 ##$$a 2002 $b Yogyakarta =300 ##$$a xviii, 326 hlm, 21 cm =650 ##$$a Pendidikan Guru - Masalah